000 00713nam a2200205Ia 4500
003 GCL
005 20240530102149.0
008 140319s9999 xx 000 0 ara d
040 _aGCL /
_cGCL
082 0 4 _a811.009
_bا س
100 1 _aاحمد موسى الخطيب
245 1 0 _aالشعر فى الدوريات المصرية (1882-1828 ) توثيق ودراسة /
_cاحمد موسى الخطيب
260 _a[ القاهرة ] :
_bدار المامون للترجمة والنشر ،
_c1987
300 _a527 ص؛
_b24 سم
650 0 4 _aالشعر العربى
650 0 4 _aالادب العربى
650 0 4 _aالصحافة والادب
650 0 4 _aتاريخ ونقد
942 _2ddc
_cBK
999 _c30256
_d30256